000
00272nam a22001217a 4500
003
OSt
008
210122b ||||| |||| 00| 0 eng d
082
_a
621.6
_b
KOV/PU
100
_a
Kovats
_9
7292
245
_a
Pump, fan and compressor
700
_a
Desmur
_9
7293
942
_c
BK
999
_c
16826
_d
16826